| 000 | 01283nam a2200217Ia 4500 | ||
|---|---|---|---|
| 003 | Ost | ||
| 005 | 20260507075011.0 | ||
| 008 | 260507s9999||||xx |||||||||||||| ||und|| | ||
| 040 | _cfsecg | ||
| 041 | _aara | ||
| 082 | _a658.8 | ||
| 100 |
_aالبكري، ثامر _eمؤلف |
||
| 245 | 0 |
_aإستراتجيات التسويق / _c ثامر البكري |
|
| 260 |
_aعمان: _bدار اليازوري, _c2007 |
||
| 300 |
_a416 صفحة؛ _bإيضاحات ؛ _c25 سم |
||
| 504 | _a(إقتناءات 2014 2ن) | ||
| 520 | _aيضم مدخل في الإستراتيجية والإدارة الإستراتيجية، إستراتيجية التسويق، البيئة التسويقية ومستويات الإستراتيجية، التخطيط التسويقي والخطة التسويقية، التخطيط والقرار الإستراتيجي التسويقي، الميزة التنافسية، أدوات التحليل الإستراتيجي، إستراتيجية المنتج، إستراتيجية الإتصالات التسويقية، إستراتيجية التوزيع وإستراتيجية التوزيع، الرقابة الإستراتيجية التسويقية. | ||
| 653 | _aالتسويق | ||
| 653 | _aتسويق - تخطيط | ||
| 942 | _cكتاب | ||
| 999 |
_c42158 _d42158 |
||